000 00902nas a2200289 4500
001 BR9700099
003 BR-BrBNA
005 20231205095941.0
007 ta
008 230509b bl.|||p| |||| 00| 00por d
040 _aBR-BrBNA
_bpor
_cBiblioteca Nacional de Agricultura
041 _a(Pt)
072 _aL73
100 1 _aCerqueira, M.M.O.P.C.
100 1 _aAlves, G.E.S.
100 1 _aLima, L.A.
100 1 _aMarques, A.P.
245 1 _aAvaliacao microbiolgica de liquidos infundidos e recolhidos em dialises peritoneais de equinos com peritonite experimental
650 _aEquino
650 _aPeritonite
650 _aAnalise Bacteriologica
650 _aDialise
650 _aExperiencia de Laboratorio
773 0 _tHora Veterinaria (Brazil)
_xISSN 0101-9163
_g(Nov-Dec 1996), v. 16(94) p. 11-12
_wBR9700099
909 _a202311
_bLúcia
_c55
_dLúcia Elande
942 _2AGRIS
_n0
_cANA
999 _c153624
_d153624